Optické zosilňovače v optickom prenosovom médiu

Uložené v:
Podrobná bibliografia
Hlavný autor: Švončinár, Andrej (Autor)
Ďalší autori: Róka, Rastislav (Vedúci práce)
Médium: Rukopis Kniha
Jazyk:Slovak
Vydavateľské údaje: 2018
Predmet:
On-line prístup:http://is.stuba.sk/zp/portal_zp.pl?podrobnosti=137303
Tagy: Pridať tag
Žiadne tagy, Buďte prvý, kto otaguje tento záznam!

MARC

LEADER 00000ntm a22000003a 4500
001 stuzp66579
003 SK-STU
005 20181029095940.3
007 ta
008 150427s2015----xo-----f-mn---000-0-slo-d
040 |a STU  |b slo 
041 0 |a slo 
044 |a xo 
100 1 |a Švončinár, Andrej  |u 037000  |4 aut  |U FEI Fakulta elektrotechniky a informatiky  |T FEI Ústav multimediálnych informačných a komunikačných technológií  |X 73042  |U E070  |Y 818  |7 73042 
242 0 1 |a Optical Amplifiers in the Optical Transmission Medium  |y eng 
245 1 0 |a Optické zosilňovače v optickom prenosovom médiu 
260 |c 2018 
300 |a 69 s.,  |b CD-ROM 
650 4 |a amplification  |2 eng 
650 4 |a ASE noise  |2 eng 
650 4 |a erbium doped fiber amplifier EDFA  |2 eng 
650 4 |a zosilnenie  |2 slo 
650 4 |a šum ASE  |2 slo 
650 4 |a erbiom dopovaný vláknový zosilňovač EDFA  |2 slo 
700 1 |a Róka, Rastislav  |u 037000  |k Z1  |4 ths  |U FEI Fakulta elektrotechniky a informatiky  |T FEI Ústav multimediálnych informačných a komunikačných technológií  |X 1946  |U E070  |Y 818  |7 A000001946 
856 4 |u http://is.stuba.sk/zp/portal_zp.pl?podrobnosti=137303 
996 |b 284EP11899  |c E*DIPL- 11899  |l EE37  |s P  |a 0  |w stuzp66579_0001